The edge (Record no. 1225)

000 -LEADER
fixed length control field 00525nam a22001937a 4500
005 - DATE AND TIME OF LATEST TRANSACTION
control field 20210426111658.0
008 - FIXED-LENGTH DATA ELEMENTS--GENERAL INFORMATION
fixed length control field 210204b1989 ||||| |||| 00| 0 eng d
040 ## - CATALOGING SOURCE
Transcribing agency DLC
080 ## - UNIVERSAL DECIMAL CLASSIFICATION NUMBER
Universal Decimal Classification number 821.111
Item number F-85
100 ## - MAIN ENTRY--PERSONAL NAME
9 (RLIN) 796
Personal name Francis,Dick
245 ## - TITLE STATEMENT
Title The edge
Statement of responsibility, etc. Dick Francis
250 ## - EDITION STATEMENT
Edition statement 1 Title
260 ## - PUBLICATION, DISTRIBUTION, ETC.
Place of publication, distribution, etc. New York :
Name of publisher, distributor, etc. G.P. putnas's sons
Date of publication, distribution, etc. 1989
300 ## - PHYSICAL DESCRIPTION
Extent 324 p. :
365 ## - TRADE PRICE
Price type code 18.95 USD
650 #0 - SUBJECT ADDED ENTRY--TOPICAL TERM
9 (RLIN) 247
Topical term or geographic name entry element English literature
653 ## - INDEX TERM--UNCONTROLLED
Uncontrolled term ინგლისური ლიტერატურა
942 ## - ADDED ENTRY ELEMENTS (KOHA)
Source of classification or shelving scheme
Koha item type Books
Holdings
Withdrawn status Lost status Source of classification or shelving scheme Damaged status Not for loan Permanent location Current location Date acquired Inventory number Total Checkouts Full call number Barcode Date last seen Price effective from Koha item type
          Ken Walker International University Ken Walker International University 02/04/2021 1359   821.111 F-85 1359 02/04/2021 02/04/2021 Books

Powered by Koha